书目信息 |
| 题名: |
220t矿用自卸汽车的设计计算及应用研究
|
|
| 作者: | 冯庆东 著 | |
| 分册: | ||
| 出版信息: | 北京 中国水利水电出版社 2015.4 |
|
| 页数: | 232页 | |
| 开本: | 24cm | |
| 丛书名: | ||
| 单 册: | ||
| 中图分类: | U469.4 | |
| 科图分类: | ||
| 主题词: | 矿山运输--自卸车--设计计算--研究 | |
| 电子资源: | ||
| ISBN: | 978-7-5170-2347-0 | |
| 000 | 00947nam0 2200229 450 | |
| 001 | 0400009430 | |
| 005 | 20171120213915.0 | |
| 010 | @a978-7-5170-2347-0@dCNY46.00 | |
| 100 | @a20150920d2015 em y0chiy50 ea | |
| 101 | 0 | @achi |
| 102 | @aCN@b110000 | |
| 105 | @aa z 000yy | |
| 106 | @ar | |
| 200 | 1 | @a220t矿用自卸汽车的设计计算及应用研究@A220t kuang yong zi xie qi che de she ji ji suan ji ying yong yan jiu@f冯庆东著 |
| 210 | @a北京@c中国水利水电出版社@d2015.4 | |
| 215 | @a232页@c图@d24cm | |
| 330 | @a本书针对220t矿用自卸汽车的设计计算及应用开展研究。根据矿用自卸汽车的工作特点和结构特征,总结矿用自卸汽车的国内外研究进展,设计220t矿用自卸汽车的整体结构和自动化控制系统,对整车系统进行静力学、动力学和振动疲劳分析,并做了整车随机振动疲劳寿命预测。 | |
| 606 | 0 | @a矿山运输@x自卸车@x设计计算@x研究 |
| 690 | @aU469.4@v5 | |
| 701 | 0 | @a冯庆东@Afeng qing dong@4著 |
| 801 | 0 | @aCN@b上海新华@c20171120 |
| 905 | @b1028837-41@dU469.4@e682@f5 | |
| 220t矿用自卸汽车的设计计算及应用研究/冯庆东著.-北京:中国水利水电出版社,2015.4 |
| 232页:图;24cm |
| ISBN 978-7-5170-2347-0:CNY46.00 |
| 本书针对220t矿用自卸汽车的设计计算及应用开展研究。根据矿用自卸汽车的工作特点和结构特征,总结矿用自卸汽车的国内外研究进展,设计220t矿用自卸汽车的整体结构和自动化控制系统,对整车系统进行静力学、动力学和振动疲劳分析,并做了整车随机振动疲劳寿命预测。 |
| ● |
| 相关链接 |
|
|
|
|
正题名:220t矿用自卸汽车的设计计算及应用研究
索取号:U469.4/682
 
预约/预借
| 序号 | 登录号 | 条形码 | 馆藏地/架位号 | 状态 | 备注 |
| 1 | 1028837 | 210288375 | 第二样本阅览室/ [索取号:U469.4/682] | 在馆 | |
| 2 | 1028838 | 210288384 | 密集书库-物理学院/ [索取号:U469.4/682] | 在馆 | |
| 3 | 1028839 | 210288393 | 第三借阅区/ [索取号:U469.4/682] | 在馆 | |
| 4 | 1028840 | 210288400 | 第三借阅区/ [索取号:U469.4/682] | 在馆 | |
| 5 | 1028841 | 210288419 | 第三借阅区/ [索取号:U469.4/682] | 在馆 |